|
|
|
|
| LEADER |
00000nam0a2200000 4500 |
| 001 |
322234 |
| 005 |
20231101022231.0 |
| 035 |
|
|
|a (RuTPU)RU\TPU\book\347790
|
| 035 |
|
|
|a RU\TPU\book\78289
|
| 090 |
|
|
|a 322234
|
| 100 |
|
|
|a 20160921d1967 km y0rusy50 ca
|
| 101 |
0 |
|
|a rus
|
| 102 |
|
|
|a RU
|
| 105 |
|
|
|a a z 001zy
|
| 200 |
1 |
|
|a Производство волокна капрон
|f К. Е. Фишман, Н. А. Хрузин
|
| 205 |
|
|
|a 2-е изд., перераб. и доп.
|
| 210 |
|
|
|a Москва
|c Химия
|d 1967
|
| 215 |
|
|
|a 247 с.
|c ил.
|
| 320 |
|
|
|a Библиогр.: с. 245-247
|
| 333 |
|
|
|a Исключено из фонда НТБ ТПУ
|
| 675 |
|
|
|a 677.494
|v 4
|
| 700 |
|
1 |
|a Фишман
|b К. Е.
|g Константин Евгеньевич
|
| 701 |
|
1 |
|a Хрузин
|b Н. А.
|g Николай Андреевич
|
| 801 |
|
1 |
|a RU
|b 63413507
|c 20050215
|g PSBO
|
| 801 |
|
2 |
|a RU
|b 63413507
|c 20220912
|g PSBO
|
| 942 |
|
|
|c BK
|